| 000 | 00911cam a22002535a 4500 | ||
|---|---|---|---|
| 001 | 006923408 | ||
| 005 | 20150916111520.0 | ||
| 008 | 020325s2002 enka frb f001 0 eng d | ||
| 020 | _a0521894395 (pbk) | ||
| 020 | _a9780521894395 | ||
| 040 |
_aStDuBDS _dUk _dEG-ScBUE _beng |
||
| 082 | 0 | 4 |
_a338.9141056 _222 _bKIN |
| 100 | 1 |
_aKingston, Paul W. T. _938420 |
|
| 245 | 1 | 0 |
_aBritain and the politics of modernization in the Middle East, 1945-1958 / _cPaul W. T. Kingston. |
| 260 |
_aCambridge : _bCambridge University Press, _c2002. |
||
| 300 |
_axi, 191 p. : _bill. ; _c23 cm. |
||
| 490 | 0 |
_aCambridge Middle East studies ; _v4. |
|
| 500 | _aIndex : p. 189-191. | ||
| 504 | _aBibliography : p. [184]-188. | ||
| 650 | 0 |
_aEconomic assistance, British _zMiddle East _xHistory _y20th century. _2BUEsh |
|
| 651 | 0 |
_aMiddle East _xEconomic conditions _y1945-. _2BUEsh |
|
| 653 |
_bBUSBOL _cSeptember2015 |
||
| 942 | _2ddc | ||
| 999 |
_c20824 _d20796 |
||